[Event "Titled Tuesday intern op 16th Apr Early"]
[Site "Chess.com INT"]
[Date "2024.04.16"]
[Round "5"]
[White "Kazmin, Semen"]
[Black "Dzida, Kamil"]
[Result "1-0"]
[WhiteElo "2178"]
[BlackElo "2403"]
[PlyCount "49"]
[EventDate "2024.04.16"]
[EventType "swiss (blitz)"]
[EventRounds "11"]
[EventCountry "USA"]
[SourceTitle "CB17_2024"]
[SourceDate "2024.04.24"]
[SourceVersion "1"]
[SourceVersionDate "2024.04.24"]
[SourceQuality "1"]

1. e4 c5 2. Nf3 d6 3. d4 cxd4 4. Nxd4 Nf6 5. Nc3 a6 6. Bg5 e6 7. f4 Be7 8. Qf3 Qc7 9. 0-0-0 Nbd7 10. g4 Rb8 11. Bh4 h6 12. Be1 b5 13. a3 Bb7 14. h4 Nc5 15. Bd3 d5 16. e5 Nfe4 17. Bxe4 Nxe4 18. Nxe4 dxe4 19. Qe3 Bd5 20. f5 Qxe5 21. Bg3 Qf6 22. Bxb8 0-0 23. Bg3 exf5 24. Nxf5 b4 25. Rxd5 1-0

[Event "POL-ch Universities"]
[Site "Lublin"]
[Date "2024.02.24"]
[Round "9"]
[White "Snihur, Piotr"]
[Black "Dzida, Kamil"]
[Result "0-1"]
[WhiteElo "2278"]
[BlackElo "2403"]
[PlyCount "90"]
[EventDate "2024.02.23"]
[EventType "swiss"]
[EventRounds "9"]
[EventCountry "POL"]
[SourceTitle "CB10_2024"]
[SourceDate "2024.03.06"]
[SourceVersion "1"]
[SourceVersionDate "2024.03.06"]
[SourceQuality "1"]

1. d4 Nf6 2. Nf3 e6 3. g3 d5 4. c4 Bb4+ 5. Nbd2 dxc4 6. Qc2 b5 7. Bg2 Bb7 8. 0-0 0-0 9. a3 Bxd2 10. Bxd2 Be4 11. Qc1 Nc6 12. Bc3 a5 13. Rd1 Nd5 14. Bf1 Bxf3 15. exf3 Qf6 16. f4 Rfd8 17. Bg2 h6 18. a4 b4 19. Be1 Nxd4 20. Qxc4 c5 21. Rd3 Rac8 22. Rad1 Qe7 23. b3 Qc7 24. Bf1 Rd7 25. f3 Rcd8 26. Kg2 Nf5 27. Bf2 Nde3+ 28. Bxe3 Nxe3+ 29. Rxe3 Rxd1 30. Re5 Qd6 31. Rxc5 Qd2+ 32. Kh3 Qf2 33. Rc8 Rxc8 34. Qxc8+ Kh7 35. Bc4 Rd2 36. f5 Qxh2+ 37. Kg4 Rd4+ 38. f4 h5+ 39. Kf3 Qh1+ 40. Ke3 Qg1+ 41. Kf3 Qd1+ 42. Ke3 Qd2+ 43. Kf3 Qc3+ 44. Kf2 Rd2+ 45. Be2 Qxc8 0-1

[Event "POL-ch Universities"]
[Site "Lublin"]
[Date "2024.02.23"]
[Round "3"]
[White "Dzwierzynski, Bartosz"]
[Black "Dzida, Kamil"]
[Result "0-1"]
[WhiteElo "2069"]
[BlackElo "2403"]
[PlyCount "68"]
[EventDate "2024.02.23"]
[EventType "swiss"]
[EventRounds "9"]
[EventCountry "POL"]
[SourceTitle "CB10_2024"]
[SourceDate "2024.03.06"]
[SourceVersion "1"]
[SourceVersionDate "2024.03.06"]
[SourceQuality "1"]

1. d4 Nf6 2. c4 e6 3. Nc3 Bb4 4. f3 c5 5. d5 b5 6. e4 d6 7. Nge2 a6 8. Ng3 0-0 9. Be2 exd5 10. cxd5 Nbd7 11. 0-0 c4 12. Be3 Bc5 13. Bxc5 Nxc5 14. Qd4 Re8 15. Rad1 Bd7 16. f4 b4 17. e5 bxc3 18. exf6 cxb2 19. Qxb2 Rb8 20. Qd4 Qxf6 21. Qxf6 gxf6 22. Bxc4 Rb4 23. Rc1 f5 24. Rf3 Kg7 25. Nh5+ Kg6 26. Rg3+ Kxh5 27. Rg5+ Kh6 28. Rc3 Rb1+ 29. Bf1 Rxf1+ 30. Kxf1 Bb5+ 31. Kg1 Re1+ 32. Kf2 Rf1+ 33. Ke3 Ne4 34. Rc7 Nxg5 0-1

[Event "Krakow op-A 34th"]
[Site "Krakow"]
[Date "2023.12.31"]
[Round "5"]
[White "Dzida, Kamil"]
[Black "Soffer, Ram"]
[Result "1/2-1/2"]
[WhiteElo "2396"]
[BlackElo "2444"]
[PlyCount "43"]
[EventDate "2023.12.27"]
[EventType "swiss"]
[EventRounds "9"]
[EventCountry "POL"]
[SourceTitle "CB02_2024"]
[SourceDate "2024.01.10"]
[SourceVersion "1"]
[SourceVersionDate "2024.01.10"]
[SourceQuality "1"]

1. d4 d5 2. c4 c6 3. Nf3 Nf6 4. Nc3 dxc4 5. a4 Bf5 6. e3 e6 7. Bxc4 Bb4 8. 0-0 Nbd7 9. Qe2 0-0 10. e4 Bg6 11. Bd3 Bh5 12. e5 Nd5 13. Nxd5 cxd5 14. Qe3 Re8 15. Ne1 f5 16. Bd2 Bxd2 17. Qxd2 Nb8 18. Rc1 Re7 19. Qc3 Be8 20. Bb5 a6 21. Bxe8 Qxe8 22. b3 1/2-1/2

[Event "Krakow op-A 34th"]
[Site "Krakow"]
[Date "2023.12.30"]
[Round "4"]
[White "Balint, Peter1"]
[Black "Dzida, Kamil"]
[Result "0-1"]
[WhiteElo "2187"]
[BlackElo "2396"]
[PlyCount "116"]
[EventDate "2023.12.27"]
[EventType "swiss"]
[EventRounds "9"]
[EventCountry "POL"]
[SourceTitle "CB02_2024"]
[SourceDate "2024.01.10"]
[SourceVersion "1"]
[SourceVersionDate "2024.01.10"]
[SourceQuality "1"]

1. e4 e5 2. Nf3 Nc6 3. Bb5 a6 4. Ba4 Nf6 5. 0-0 Be7 6. d3 b5 7. Bb3 d6 8. c3 0-0 9. Re1 Na5 10. Bc2 c5 11. Nbd2 Qc7 12. Nf1 Nc6 13. Ng3 Re8 14. h3 g6 15. Bg5 Be6 16. d4 cxd4 17. cxd4 Nxd4 18. Nxd4 exd4 19. Qxd4 Qxc2 20. Bxf6 Qc5 21. a3 Rac8 22. Rad1 Bxf6 23. Qxf6 Qe5 24. Qh4 Rc2 25. b4 Bc4 26. Re3 Ra2 27. Nf5 Ra1 28. Nh6+ Kg7 29. Rxa1 Qxa1+ 30. Kh2 Be6 31. f4 Qd4 32. Re1 Bd7 33. f5 Qe5+ 34. Kh1 Bxf5 35. Rf1 Be6 36. Rf2 Rc8 37. Rf1 Rc4 38. Ng4 Bxg4 39. Qxg4 Rxe4 40. Qf3 Qe6 41. Qc3+ Re5 42. Qd4 Qc4 43. Qf2 Kg8 44. Qf6 Qe6 45. Qd8+ Kg7 46. Qh4 Re4 47. Qf2 d5 48. Rd1 d4 49. Qd2 Qe5 50. Qf2 Re2 51. Qh4 Qe4 52. Qg3 Re3 53. Qf2 Rxh3+ 54. Kg1 Re3 55. Rf1 Qe6 56. Qf4 Re4 57. Qc7 Rh4 58. Qc5 Qe3+ 0-1

[Event "Wch U18"]
[Site "Montesilvano"]
[Date "2023.11.20"]
[Round "7"]
[White "Wong, Zhenyong Jayden"]
[Black "Dzida, Kamil"]
[Result "1/2-1/2"]
[WhiteElo "2356"]
[BlackElo "2399"]
[PlyCount "70"]
[EventDate "2023.11.13"]
[EventType "swiss"]
[EventRounds "11"]
[EventCountry "ITA"]
[SourceTitle "CB48_2023"]
[SourceDate "2023.11.29"]
[SourceVersion "1"]
[SourceVersionDate "2023.11.29"]
[SourceQuality "1"]

1. Nf3 Nf6 2. c4 e6 3. g3 d5 4. Bg2 d4 5. 0-0 Nc6 6. e3 Be7 7. a3 a5 8. exd4 Nxd4 9. Nc3 0-0 10. d3 Nxf3+ 11. Qxf3 e5 12. Re1 c6 13. h3 Qc7 14. Rb1 Be6 15. b4 axb4 16. axb4 Rad8 17. g4 Qd7 18. Bf1 b5 19. g5 Ne8 20. Ne4 Bf5 21. Be3 Nd6 22. Nc5 Qc8 23. Rbc1 f6 24. Bg2 bxc4 25. dxc4 e4 26. Qg3 Bg6 27. gxf6 Bxf6 28. Bf4 Nf5 29. Qg4 Nh4 30. Qe6+ Kh8 31. Qxc8 Rxc8 32. Nd7 Rf7 33. Nxf6 Rxf6 34. Bg5 Nxg2 35. Kxg2 Rf5 1/2-1/2

[Event "Wch U18"]
[Site "Montesilvano"]
[Date "2023.11.14"]
[Round "2"]
[White "Dzida, Kamil"]
[Black "Schlegel, Igor"]
[Result "1-0"]
[WhiteElo "2399"]
[BlackElo "2251"]
[PlyCount "99"]
[EventDate "2023.11.13"]
[EventType "swiss"]
[EventRounds "11"]
[EventCountry "ITA"]
[SourceTitle "CB48_2023"]
[SourceDate "2023.11.29"]
[SourceVersion "1"]
[SourceVersionDate "2023.11.29"]
[SourceQuality "1"]

1. e4 c5 2. Nf3 d6 3. d4 cxd4 4. Nxd4 Nf6 5. Nc3 a6 6. Bg5 e6 7. f4 Be7 8. Qf3 Qc7 9. 0-0-0 Nbd7 10. g4 b5 11. Bxf6 Nxf6 12. g5 Nd7 13. f5 0-0 14. Rg1 b4 15. Nce2 e5 16. f6 exd4 17. fxe7 Re8 18. e5 Rb8 19. exd6 Qxd6 20. Nxd4 Ne5 21. Qg3 Bg4 22. Rd2 Qxe7 23. Be2 Bxe2 24. Rxe2 Qd7 25. Rd1 Nc4 26. b3 Nb6 27. Nf3 Qb5 28. Rde1 Nd5 29. Nd4 Qd7 30. Nf5 Nc3 31. Re7 Qb5 32. Nh6+ Kh8 33. Nxf7+ Kg8 34. Nh6+ Kh8 35. Nf7+ Kg8 36. Nh6+ Kh8 37. Rxe8+ Rxe8 38. Nf7+ Kg8 39. Nh6+ Kh8 40. Nf7+ Kg8 41. Nh6+ Kh8 42. Rxe8+ Qxe8 43. Qe5 Nxa2+ 44. Kd2 Qf8 45. Nf5 Nc3 46. Ke1 Kg8 47. Nd6 Qa8 48. Qe6+ Kh8 49. Nf7+ Kg8 50. Nd8+ 1-0

[Event "POL-chT 1st League"]
[Site "Leba"]
[Date "2023.09.30"]
[Round "8.1"]
[White "Brodowski, Piotr"]
[Black "Dzida, Kamil"]
[Result "1-0"]
[WhiteElo "2447"]
[BlackElo "2400"]
[PlyCount "77"]
[EventDate "2023.09.23"]
[EventType "team-swiss"]
[EventRounds "9"]
[EventCountry "POL"]
[SourceTitle "EXT 2024"]
[Source "ChessBase"]
[SourceDate "2023.10.10"]
[SourceVersion "1"]
[SourceVersionDate "2023.10.10"]
[SourceQuality "1"]
[WhiteTeam "Bydgoszcz Energia Gwiazda"]
[BlackTeam "Gorzow Wielkopolski Stilon"]
[WhiteTeamCountry "POL"]
[BlackTeamCountry "POL"]

1. d4 Nf6 2. c4 e6 3. Nf3 b6 4. g3 Ba6 5. b3 Bb4+ 6. Bd2 Be7 7. Nc3 d5 8. cxd5 exd5 9. Bg2 0-0 10. 0-0 Nbd7 11. a3 c6 12. Bf4 Nh5 13. Bc1 Re8 14. b4 Bd6 15. Re1 Nhf6 16. Nd2 Bb7 17. Bb2 Rc8 18. Rc1 Bb8 19. a4 c5 20. bxc5 bxc5 21. dxc5 Nxc5 22. Nb3 Qb6 23. Nxc5 Rxc5 24. Nb5 Rxc1 25. Qxc1 Ne4 26. Bd4 Qa5 27. Qa1 a6 28. Nc3 Bc6 29. Rc1 Nd2 30. Qa2 Nc4 31. Nxd5 Bxd5 32. Bxd5 Qxd5 33. Qxc4 Qd7 34. Qc6 Qd8 35. e3 h5 36. Qxa6 h4 37. Qb5 h3 38. Qf5 Qd6 39. Rc8 1-0

[Event "POL-ch Blitz U18"]
[Site "Bydgoszcz"]
[Date "2023.08.31"]
[Round "3"]
[White "Dzida, Kamil"]
[Black "Karut, Kacper"]
[Result "1/2-1/2"]
[WhiteElo "2138"]
[BlackElo "1917"]
[PlyCount "32"]
[EventDate "2023.08.28"]
[EventType "swiss"]
[EventRounds "10"]
[EventCountry "POL"]
[SourceTitle "EXT 2024"]
[Source "ChessBase"]
[SourceDate "2023.10.10"]
[SourceVersion "1"]
[SourceVersionDate "2023.10.10"]
[SourceQuality "1"]

1. e4 c5 2. Nf3 Nc6 3. Bb5 d5 4. exd5 Qxd5 5. Nc3 Qe6+ 6. Qe2 Qxe2+ 7. Nxe2 Bd7 8. 0-0 e6 9. d3 Nf6 10. Bf4 Be7 11. Nc3 a6 12. Bxc6 Bxc6 13. Ne5 Rc8 14. a4 0-0 15. Nxc6 Rxc6 16. Rfe1 Rd8 1/2-1/2

[Event "Titled Tuesday intern op 29th Aug Late"]
[Site "Chess.com INT"]
[Date "2023.08.29"]
[Round "8"]
[White "Arnold, Max"]
[Black "Dzida, Kamil"]
[Result "1-0"]
[WhiteElo "2317"]
[BlackElo "2356"]
[PlyCount "51"]
[EventDate "2023.08.29"]
[EventType "swiss (blitz)"]
[EventRounds "11"]
[EventCountry "USA"]
[SourceTitle "EXT 2024"]
[Source "ChessBase"]
[SourceDate "2023.10.10"]
[SourceVersion "1"]
[SourceVersionDate "2023.10.10"]
[SourceQuality "1"]

1. e4 e5 2. f4 exf4 3. Nf3 Ne7 4. d4 c6 5. Bxf4 d5 6. Nc3 dxe4 7. Nxe4 Ng6 8. Bg3 Be7 9. Bd3 0-0 10. 0-0 Bg4 11. c3 Nd7 12. h3 Bh5 13. Qb3 b6 14. Rae1 c5 15. Kh1 cxd4 16. Nxd4 Nc5 17. Nxc5 Bxc5 18. Rf5 Bg4 19. hxg4 Bxd4 20. cxd4 Qxd4 21. Ref1 Qxg4 22. Rxf7 Rxf7 23. Qxf7+ Kh8 24. Bxg6 hxg6 25. Qf3 Qg5 26. Qxa8+ 1-0

[Event "Olomouc GM-B 24th"]
[Site "Olomouc"]
[Date "2023.08.19"]
[Round "9"]
[White "Rubes, Jan"]
[Black "Dzida, Kamil"]
[Result "1-0"]
[WhiteElo "2402"]
[BlackElo "2356"]
[PlyCount "145"]
[EventDate "2023.08.12"]
[EventType "tourn"]
[EventRounds "9"]
[EventCountry "CZE"]
[EventCategory "6"]
[SourceTitle "CBM 215 Extra"]
[Source "ChessBase"]
[SourceDate "2023.09.30"]
[SourceVersion "1"]
[SourceVersionDate "2023.09.30"]
[SourceQuality "1"]

1. Nf3 Nf6 2. c4 b6 3. g3 c5 4. Bg2 Bb7 5. 0-0 e6 6. Nc3 Be7 7. d4 cxd4 8. Qxd4 0-0 9. Bf4 d6 10. Qd2 Qc8 11. b3 Rd8 12. Rfd1 a6 13. Rac1 Nbd7 14. h3 h6 15. g4 Ne5 16. Qe3 Ng6 17. Bg3 Rb8 18. Na4 Bc6 19. Nxb6 Qb7 20. Na4 h5 21. c5 Nd5 22. Qd2 hxg4 23. hxg4 dxc5 24. Nxc5 Qb6 25. Bxb8 Ndf4 26. Nd3 Nxg2 27. Rxc6 Qxc6 28. Bg3 N2h4 29. Bxh4 Bxh4 30. Rc1 Qd5 31. Rc5 Qa8 32. Qe3 Bf6 33. Rc4 Qb7 34. Qe4 Qb8 35. Kg2 Be7 36. Nde5 Nxe5 37. Nxe5 Rd5 38. Nc6 Qe8 39. Nxe7+ Qxe7 40. Rc8+ Rd8 41. Qa8 Rxc8 42. Qxc8+ Kh7 43. Qxa6 Qg5 44. Qd3+ f5 45. f3 Kh6 46. Qc4 Qe3 47. gxf5 exf5 48. a4 Qg5+ 49. Kf1 Qg3 50. Qe6+ g6 51. Qe3+ f4 52. Qe6 Qh2 53. Ke1 Qg1+ 54. Kd2 Qa1 55. Kc2 Qd4 56. Qc4 Qe3 57. a5 Kg5 58. a6 Kh4 59. a7 Qxa7 60. Qxf4+ Kh5 61. Qg4+ Kh6 62. Qh4+ Kg7 63. Qc4 Qa2+ 64. Kd3 Qb1+ 65. Qc2 Qh1 66. b4 Qh3 67. Qc5 Qe6 68. b5 Kh7 69. b6 Qb3+ 70. Kd2 Qb2+ 71. Ke1 Qb1+ 72. Kf2 Qb2 73. Qc7+ 1-0

[Event "EU-chT U18"]
[Site "Iasi"]
[Date "2023.07.25"]
[Round "2.2"]
[White "Yaniv, Yuval"]
[Black "Dzida, Kamil"]
[Result "1-0"]
[WhiteElo "2390"]
[BlackElo "2356"]
[PlyCount "79"]
[EventDate "2023.07.24"]
[EventType "team-swiss"]
[EventRounds "7"]
[EventCountry "ROU"]
[SourceTitle "CBM 215 Extra"]
[Source "ChessBase"]
[SourceDate "2023.09.30"]
[SourceVersion "1"]
[SourceVersionDate "2023.09.30"]
[SourceQuality "1"]
[WhiteTeam "Israel U18"]
[BlackTeam "Poland U18"]
[WhiteTeamCountry "ISR"]
[BlackTeamCountry "POL"]

1. e4 e5 2. Nf3 Nc6 3. Bb5 Nf6 4. d3 Bc5 5. c3 Qe7 6. 0-0 0-0 7. Bg5 h6 8. Bh4 d6 9. Re1 Bb6 10. Nbd2 Kh7 11. Nc4 g5 12. Bg3 Nh5 13. Nfxe5 Nxe5 14. Bxe5 Bxf2+ 15. Kxf2 dxe5 16. Qxh5 Qc5+ 17. Ke2 Qxb5 18. h4 gxh4 19. Rf1 f5 20. exf5 Qe8 21. Qg6+ Qxg6 22. fxg6+ Kg7 23. Rxf8 Kxf8 24. Rf1+ Kg7 25. Rf7+ Kxg6 26. Nxe5+ Kg5 27. Rxc7 Kf4 28. d4 Be6 29. Rg7 Re8 30. Kf2 Ke4 31. Ng6 Bxa2 32. Rxb7 Kd3 33. Re7 Rxe7 34. Nxe7 Kc2 35. d5 Kxb2 36. d6 Be6 37. c4 a5 38. c5 a4 39. c6 a3 40. d7 1-0

[Event "Warsaw Maciei Memorial"]
[Site "Warsaw"]
[Date "2023.07.10"]
[Round "3"]
[White "Dzida, Kamil"]
[Black "Kowalski, Igor"]
[Result "1/2-1/2"]
[WhiteElo "2356"]
[BlackElo "2380"]
[PlyCount "94"]
[EventDate "2023.07.10"]
[EventType "swiss (blitz)"]
[EventRounds "11"]
[EventCountry "POL"]
[SourceTitle "CBM 215 Extra"]
[Source "ChessBase"]
[SourceDate "2023.09.30"]
[SourceVersion "1"]
[SourceVersionDate "2023.09.30"]
[SourceQuality "1"]

1. d4 d5 2. c4 c6 3. Nf3 Nf6 4. Nc3 dxc4 5. a4 Bf5 6. e3 e6 7. Bxc4 Bb4 8. 0-0 0-0 9. Qe2 Bg6 10. Ne5 Nbd7 11. Nxg6 hxg6 12. Bd2 a5 13. Rfd1 Qe7 14. e4 e5 15. d5 Nb6 16. dxc6 bxc6 17. Bb3 Rfd8 18. Rac1 Bc5 19. Be3 Bd4 20. Nb1 Qb4 21. Nd2 Bxe3 22. Qxe3 Rd4 23. Qc3 Rad8 24. Qxb4 Rxb4 25. Nf3 Rd7 26. Nxe5 Rxb3 27. Nxd7 Nbxd7 28. Rxc6 Rxb2 29. Ra6 Nxe4 30. Rxa5 Ndf6 31. f3 Nc3 32. Re1 Ra2 33. Rc5 Nxa4 34. Ra5 Nc3 35. Rxa2 Nxa2 36. Kf2 Kf8 37. Ra1 Nb4 38. Ra8+ Ke7 39. Ra7+ Nd7 40. h4 Nc6 41. Ra4 f5 42. Ra6 Nce5 43. Kg3 Nd3 44. Rxg6 Kf7 45. Ra6 Nf6 46. Kh2 f4 47. g3 Ne5 1/2-1/2

[Event "Warsaw Maciei Memorial"]
[Site "Warsaw"]
[Date "2023.07.10"]
[Round "7"]
[White "Dzida, Kamil"]
[Black "Szewczyk, Mariusz1111"]
[Result "1-0"]
[WhiteElo "2356"]
[BlackElo "2128"]
[PlyCount "65"]
[EventDate "2023.07.10"]
[EventType "swiss (blitz)"]
[EventRounds "11"]
[EventCountry "POL"]
[SourceTitle "CBM 215 Extra"]
[Source "ChessBase"]
[SourceDate "2023.09.30"]
[SourceVersion "1"]
[SourceVersionDate "2023.09.30"]
[SourceQuality "1"]

1. e4 e5 2. Nf3 Nc6 3. Bb5 a6 4. Ba4 Nf6 5. 0-0 Be7 6. Re1 b5 7. Bb3 d6 8. c3 0-0 9. h3 Na5 10. Bc2 c5 11. d4 Qc7 12. Nbd2 Re8 13. Nf1 h6 14. Ne3 Bf8 15. Nd5 Qd8 16. Nxf6+ Qxf6 17. a4 Bb7 18. d5 c4 19. Be3 Be7 20. Nd2 Rec8 21. Qe2 Bd8 22. Rf1 Bc7 23. f4 exf4 24. Rxf4 Qd8 25. Raf1 f6 26. Nf3 Bb6 27. Nd4 Bxd4 28. Bxd4 Nb3 29. Bxb3 cxb3 30. Qg4 Kh7 31. Rxf6 gxf6 32. Qf5+ Kg8 33. Qg6+ 1-0

[Event "Warsaw Maciei Memorial"]
[Site "Warsaw"]
[Date "2023.07.10"]
[Round "9"]
[White "Tsiapko, Andrii"]
[Black "Dzida, Kamil"]
[Result "1-0"]
[WhiteElo "1996"]
[BlackElo "2356"]
[PlyCount "97"]
[EventDate "2023.07.10"]
[EventType "swiss (blitz)"]
[EventRounds "11"]
[EventCountry "POL"]
[SourceTitle "CBM 215 Extra"]
[Source "ChessBase"]
[SourceDate "2023.09.30"]
[SourceVersion "1"]
[SourceVersionDate "2023.09.30"]
[SourceQuality "1"]

1. d4 Nf6 2. Nf3 e6 3. c4 b6 4. g3 Ba6 5. b3 Bb4+ 6. Bd2 Be7 7. Bg2 c6 8. Bc3 d5 9. Ne5 Nfd7 10. Nxd7 Nxd7 11. Nd2 0-0 12. 0-0 f5 13. Bb2 Rc8 14. Rc1 Bb7 15. Nf3 Bf6 16. Ne5 Nxe5 17. dxe5 Be7 18. Qd2 dxc4 19. Qc3 Ba6 20. Rfd1 Qc7 21. bxc4 Rfd8 22. Rd3 Rxd3 23. exd3 Bb7 24. d4 Qd7 25. Rd1 Rd8 26. Bf3 Bf8 27. Ba3 Qf7 28. Bxf8 Qxf8 29. a4 f4 30. Be4 Qf7 31. a5 Rf8 32. Qc2 Qh5 33. f3 Qg5 34. Kg2 h5 35. a6 Bxa6 36. Bxc6 h4 37. g4 h3+ 38. Kg1 Rc8 39. Bd7 Rd8 40. Bxe6+ Kh8 41. d5 Qe7 42. Bf5 Qc5+ 43. Qf2 Qxf2+ 44. Kxf2 Bxc4 45. d6 a5 46. e6 g6 47. e7 Rg8 48. d7 gxf5 49. d8Q 1-0

[Event "POL Superleague Rapid"]
[Site "Poland"]
[Date "2023.06.07"]
[Round "8.3"]
[White "Dzida, Kamil"]
[Black "Plat, Vojtech"]
[Result "0-1"]
[WhiteElo "2352"]
[BlackElo "2535"]
[PlyCount "82"]
[EventDate "2023.04.04"]
[EventType "team-tourn (rapid)"]
[EventRounds "14"]
[EventCountry "POL"]
[SourceTitle "EXT 2024"]
[Source "ChessBase"]
[SourceDate "2023.10.10"]
[SourceVersion "1"]
[SourceVersionDate "2023.10.10"]
[SourceQuality "1"]
[WhiteTeam "Gorzow Wielkopolski Stilon"]
[BlackTeam "Pegow Wieza"]
[WhiteTeamCountry "POL"]
[BlackTeamCountry "POL"]

1. e4 d6 2. d4 Nf6 3. Nc3 e5 4. Nf3 Nbd7 5. Bc4 Be7 6. 0-0 0-0 7. a4 a5 8. Re1 c6 9. Ba2 exd4 10. Qxd4 Nc5 11. h3 Be6 12. Bxe6 Nxe6 13. Qc4 Nd7 14. Be3 Bf6 15. Rad1 Qe7 16. Nd4 Bxd4 17. Bxd4 Ne5 18. Qf1 Nxd4 19. Rxd4 Rfe8 20. Red1 Rad8 21. f4 Ng6 22. g3 Nf8 23. Qd3 Qc7 24. Kg2 Qb6 25. b3 Qc5 26. Rc4 Qh5 27. Qf3 Qg6 28. Rcd4 d5 29. f5 Qh6 30. exd5 Re3 31. Qf2 Rxc3 32. d6 Qe3 33. Qxe3 Rxe3 34. Kf2 Re5 35. g4 Nd7 36. Kf3 f6 37. b4 axb4 38. Rxb4 b6 39. Rc4 Rc5 40. Re4 Ne5+ 41. Kg3 Rc3+ 0-1